| 000 | 01167cam a2200289 a 4500 | ||
|---|---|---|---|
| 001 | 2998742 | ||
| 005 | 19950815091651.4 | ||
| 008 | 931105s1994 okua b 001 0 eng | ||
| 010 | _a 93044927 | ||
| 020 | _a0878144080 | ||
| 020 | _a9780878144082 | ||
| 040 |
_aDLC _cDLC _dDLC |
||
| 050 | 0 | 0 |
_aTN870 _b.S283 1994 |
| 082 | 0 | 0 |
_a622.3382068 _222 _bSAT |
| 100 | 1 |
_aSatter, Abdus. _924633 |
|
| 245 | 1 | 0 |
_aIntegrated Petroleum Reservoir Management : _bA Team Approach / _cAbdus Satter, Ganesh C. Thakur. |
| 260 |
_aTulsa, Okla : _bPennWell Books, 1994 _cc1994. |
||
| 300 |
_axi, 335 p. : _bill. ; _c24 cm. |
||
| 504 | _aIncludes bibliographical references (p. 321-328) and index. | ||
| 650 | 0 |
_aOil fields _xProduction methods. _924634 |
|
| 650 | 0 |
_aPetroleum industry and trade _xManagement. _924635 |
|
| 653 |
_bpet _cJune2011 |
||
| 700 | 1 |
_aThakur, Ganesh C. _924636 |
|
| 942 |
_2ddc _cBB |
||
| 999 |
_c15535 _d15535 |
||